[Event "PKL 2004 Tweede Klasse"]
[Site "PKL 2004 Tweede Klasse ronde 6"]
[Date "2004.12.11"]
[Round "6"]
[White "Bomhoff, Bert"]
[Black "Leenders, Hans"]
[Result "1-0"]
[WhiteElo "1605"]
[BlackElo "1659"]
[PlyCount "79"]
[EventDate "2004.??.??"]

1. d4 Nf6 2. c4 e6 3. Nc3 Bb4 4. Bg5 Bxc3+ 5. bxc3 d6 6. e3 Nbd7 7. Bd3 O-O 8.
Nf3 Re8 9. O-O a5 10. Qc2 Rb8 11. Bxh7+ Kh8 12. Bd3 b6 13. Rfe1 Bb7 14. Rab1
Bxf3 15. gxf3 e5 16. Kh1 c5 17. Rg1 Qc7 18. Rg3 Kg8 19. Rbg1 Kf8 20. Bh4 Nh5
21. Rg4 Ndf6 22. Bxf6 gxf6 23. Rh4 Ng7 24. Rh7 Ne6 25. Bg6 Re7 26. Rh8+ Kg7 27.
Rh7+ Kf8 28. Bh5 Ke8 29. Rg8+ Kd7 30. Rxb8 Qxb8 31. Bxf7 Ng5 32. Qf5+ Kc7 33.
Qxf6 Rxf7 34. Rxf7+ Nxf7 35. Qxf7+ Kd8 36. Qf8+ Kc7 37. Qxb8+ Kxb8 38. Kg2 b5
39. cxb5 exd4 40. exd4 1-0

[Event "PKL 2004 Kampioensgroep"]
[Site "PKL 2004 Kampioensgroep ronde "]
[Date "2004.12.12"]
[Round "7"]
[White "Metsemakers, Peter"]
[Black "Bus, Tom"]
[Result "1/2-1/2"]
[WhiteElo "1900"]
[BlackElo "2072"]
[PlyCount "25"]
[EventDate "2004.??.??"]

1. e4 c5 2. Nf3 Nc6 3. Bb5 g6 4. O-O Bg7 5. c3 Nf6 6. Re1 O-O 7. d4 d5 8. e5
Ne4 9. Nbd2 cxd4 10. Bxc6 bxc6 11. cxd4 c5 12. Nxe4 dxe4 13. Rxe4 1/2-1/2

[Event "PKL 2004 Kampioensgroep"]
[Site "PKL 2004 Kampioensgroep ronde "]
[Date "2004.12.12"]
[Round "7"]
[White "Coenen, Eduard"]
[Black "Simenon, Jozef"]
[Result "1-0"]
[WhiteElo "2008"]
[BlackElo "2065"]
[PlyCount "39"]
[EventDate "2004.??.??"]

1. d4 Nf6 2. Nf3 g6 3. Bg5 Bg7 4. Nbd2 O-O 5. e3 b6 6. h4 Bb7 7. Bc4 d6 8. h5
Nxh5 $10 9. Rxh5 gxh5 10. Nh4 h6 11. Bxh6 Bxh6 12. Qxh5 e6 13. Qxh6 Nd7 14. Bd3
f5 15. Qxe6+ Rf7 16. Nxf5 Kf8 17. Qh6+ Kg8 18. O-O-O Qf6 19. Rh1 Nf8 20. Ne7+
1-0

[Event "PKL 2004 Kampioensgroep"]
[Site "PKL 2004 Kampioensgroep ronde "]
[Date "2004.12.12"]
[Round "7"]
[White "van Gool, Henk"]
[Black "Peeters, Geert"]
[Result "1-0"]
[WhiteElo "2096"]
[BlackElo "2057"]
[PlyCount "93"]
[EventDate "2004.??.??"]

1. e4 c5 2. Nf3 d6 3. d4 cxd4 4. Nxd4 Nf6 5. Nc3 g6 6. Be2 Bg7 7. Be3 Nc6 8.
Nb3 Be6 9. f4 Qc8 10. Qd2 O-O 11. h3 Rd8 12. Bf3 d5 13. e5 Ne4 14. Bxe4 dxe4
15. Qf2 f6 16. g4 fxe5 17. f5 gxf5 18. gxf5 Bxf5 19. Qg2 Nb4 20. Rg1 Bg6 21. a3
Nxc2+ 22. Qxc2 Qxh3 23. Bc5 e3 24. Qg2 Qe6 25. Nc1 Bh6 26. Qg4 Qxg4 27. Rxg4
Rd2 28. Ne4 Rxb2 29. Bxe7 Kf7 30. Bg5 Bxg5 31. Nxg5+ Kf6 32. Ne2 Bh5 33. Nxh7+
Kf5 34. Rg5+ Ke4 35. Nf6+ Kd3 36. Rd1+ Kc2 37. Rxh5 Rd8 38. Rc1+ Kb3 39. Rxe5
Rd3 40. Rb5+ Ka2 41. a4 Rxb5 42. axb5 Rb3 43. Nd5 Kb2 44. Ndc3 Rb4 45. Rb1+ Ka3
46. Ra1+ Kb3 47. Rxa7 1-0

[Event "PKL 2004 Eerste Klasse"]
[Site "PKL 2004 Eerste Klasse ronde 7"]
[Date "2004.12.12"]
[Round "7"]
[White "Smit, Melvin"]
[Black "Heirich, Andreas"]
[Result "0-1"]
[WhiteElo "1755"]
[BlackElo "1773"]
[PlyCount "82"]
[EventDate "2004.??.??"]

1. b4 Nf6 2. Bb2 g6 3. Nf3 Bg7 4. e3 d6 5. Be2 O-O 6. d3 c5 7. bxc5 Qa5+ 8. Qd2
Qxc5 9. c4 Nc6 10. Nc3 a5 11. O-O Bd7 12. Rab1 Na7 13. a4 Qc7 14. Nb5 Nxb5 15.
cxb5 b6 16. Rfc1 Qb7 17. Nd4 Rac8 18. Bf3 d5 19. Ba3 Rxc1+ 20. Rxc1 Re8 21. Nc6
Bxc6 22. Rxc6 e6 23. Qc1 Bf8 24. Bxf8 Rxf8 25. Qa3 Kg7 26. e4 dxe4 27. Bxe4 Qe7
28. Rxb6 Qb4 29. Qxb4 axb4 30. Bf3 b3 31. Bd1 b2 32. Bc2 Nd5 33. Rd6 Nb4 34.
Bb1 Rc8 35. h3 Rc1+ 36. Kh2 Rxb1 37. b6 Rh1+ 38. Kxh1 b1=Q+ 39. Kh2 Nd5 40. a5
Qb4 41. Rd8 Qxa5 0-1

[Event "PKL 2004 Eerste Klasse"]
[Site "PKL 2004 Eerste Klasse ronde 7"]
[Date "2004.12.12"]
[Round "7"]
[White "Aben, Paul"]
[Black "Schotanus, Fred"]
[Result "1-0"]
[WhiteElo "1746"]
[BlackElo "1842"]
[PlyCount "101"]
[EventDate "2004.??.??"]

1. e4 d6 2. d4 Nf6 3. Nc3 g6 4. Nf3 Bg7 5. Bd3 O-O 6. O-O Nc6 7. h3 h6 8. Be3
e5 9. Qd2 Kh7 10. Rad1 Ng8 11. dxe5 Nxe5 12. Nxe5 dxe5 13. Bc4 Qf6 14. Nd5 Qc6
15. Qe2 a6 16. Rd2 Be6 17. Rfd1 Rfe8 18. Bb3 Bf8 19. Rd3 Bd6 20. Rc3 Qb5 21.
Qxb5 axb5 22. Nxc7 Bxc7 23. Rxc7 Bxb3 24. axb3 Re7 25. Rxe7 Nxe7 26. Rd7 Nc6
27. Rxf7+ Kg8 28. Rxb7 Ra1+ 29. Kh2 Rb1 30. Rxb5 Rxb2 31. c3 g5 32. Rc5 Ne7 33.
Rxe5 Ng6 34. Rb5 Kf7 35. Kg3 Rc2 36. Rc5 Ke6 37. Rc6+ Kf7 38. Bd4 Nf4 39. Rxh6
Ne2+ 40. Kg4 Nxd4 41. cxd4 Rxf2 42. Kxg5 Rxg2+ 43. Kf5 Rg3 44. Rh7+ Kg8 45. Rb7
Rxh3 46. e5 Kf8 47. Ke6 Rh6+ 48. Kd5 Ke8 49. e6 Kd8 50. Kd6 Kc8 51. Rf7 1-0

[Event "PKL 2004 Eerste Klasse"]
[Site "PKL 2004 Eerste Klasse ronde 7"]
[Date "2004.12.12"]
[Round "7"]
[White "Roufs, Gerard"]
[Black "Scheeren, Fred"]
[Result "1/2-1/2"]
[WhiteElo "1914"]
[BlackElo "1970"]
[PlyCount "78"]
[EventDate "2004.??.??"]

1. e4 c6 2. d4 d5 3. Nd2 dxe4 4. Nxe4 Nd7 5. Ng5 Ngf6 6. Bd3 h6 7. Ne6 Qa5+ 8.
Bd2 Qb6 9. Nf3 fxe6 10. Bg6+ Kd8 11. O-O Kc7 12. c4 Qa6 13. Ne5 Nxe5 14. dxe5
Qxc4 15. exf6 exf6 16. Qf3 Qd5 17. Bf4+ e5 18. Be4 Bg4 19. Bxe5+ Qxe5 20. Qxg4
h5 21. Qf3 Bd6 22. g3 Rae8 23. Bd3 h4 24. Rab1 hxg3 25. hxg3 Qd5 26. Qxd5 cxd5
27. Rfe1 Re5 28. Kg2 Rhe8 29. Kf1 a6 30. f4 Re3 31. Rbd1 Bc5 32. Rxe3 Rxe3 33.
Kg2 Kd6 34. Rd2 Bb4 35. Rd1 Be1 36. g4 Bg3 37. Bc4 Bxf4 38. Rxd5+ Ke7 39. Rd3
Rxd3 1/2-1/2

[Event "PKL 2004 Tweede Klasse"]
[Site "PKL 2004 Tweede Klasse ronde 7"]
[Date "2004.12.12"]
[Round "7"]
[White "Janssen, Maurice"]
[Black "Schreurs, Joost"]
[Result "0-1"]
[WhiteElo "1615"]
[BlackElo "1605"]
[PlyCount "52"]
[EventDate "2004.??.??"]

1. e4 d5 2. exd5 Nf6 3. Nc3 Nxd5 4. Nxd5 Qxd5 5. d4 Nc6 6. Nf3 Bf5 7. c4 Qd6 8.
Be2 g6 9. O-O Bg7 10. c5 Qd5 11. Bf4 b6 12. Bxc7 bxc5 13. dxc5 Qxd1 14. Raxd1
Rc8 15. Bf4 Bxb2 16. Bb5 O-O 17. Bh6 Bg7 18. Bxg7 Kxg7 19. Rc1 f6 20. Rc3 Rfd8
21. Rfc1 Nb4 22. Ra3 a6 23. Bxa6 Ra8 24. c6 Rxa6 25. c7 Rc8 26. Rac3 Nd5 0-1

[Event "PKL 2004 Tweede Klasse"]
[Site "PKL 2004 Tweede Klasse ronde 7"]
[Date "2004.12.12"]
[Round "7"]
[White "van Vliembergen, Marina"]
[Black "Roesler, Manfred"]
[Result "1/2-1/2"]
[WhiteElo "1605"]
[BlackElo "1605"]
[PlyCount "126"]
[EventDate "2004.??.??"]

1. e4 d6 2. d4 g6 3. Bc4 Bg7 4. Qf3 e6 5. Ne2 Ne7 6. O-O O-O 7. c3 Nbc6 8. Bg5
a6 9. Nd2 Bd7 10. Bf6 d5 11. Bxg7 Kxg7 12. exd5 exd5 13. Bxd5 Nxd5 14. Qxd5 Qe7
15. Rfe1 Rad8 16. Ng3 Be6 17. Qf3 Rd6 18. Nde4 Bd5 19. Qg4 Bxe4 20. Rxe4 Qd7
21. Rae1 f5 22. Nxf5+ Qxf5 23. Qh4 Rdf6 24. f3 h6 25. Qg3 R8f7 26. Qf2 h5 27.
f4 Qg4 28. g3 h4 29. Qe2 Qxe2 30. R1xe2 hxg3 31. hxg3 g5 32. fxg5 Rg6 33. Rf4
Rxg5 34. Rxf7+ Kxf7 35. Kg2 Nd8 36. Kf3 Ne6 37. Rd2 c6 38. c4 Nc7 39. Kf4 Kf6
40. g4 Nd5+ 41. Kg3 Nc7 42. Kf4 Kg6 43. Re2 Kf6 44. Rd2 {3x herhaalde stelling}
Rg7 45. Rg2 Ne6+ 46. Ke4 Re7 47. b3 Kg5 48. Rg1 Nf4+ 49. Kf3 Re2 50. a3 Rb2 51.
Re1 Rxb3+ 52. Re3 Rxe3+ 53. Kxe3 Kxg4 54. Ke4 Ne2 55. d5 cxd5+ 56. Kxd5 Kf5 57.
Kc5 Ke5 58. Kb6 Kd4 59. Kxb7 a5 60. Kb6 a4 61. c5 Nc3 62. c6 Kc4 63. Ka5 Nd5
1/2-1/2

[Event "PKL 2004 Tweede Klasse"]
[Site "PKL 2004 Tweede Klasse ronde 7"]
[Date "2004.12.12"]
[Round "7"]
[White "Clevers, Frank"]
[Black "Bomhoff, Bert"]
[Result "1-0"]
[WhiteElo "1609"]
[BlackElo "1605"]
[PlyCount "96"]
[EventDate "2004.??.??"]

1. e4 Nf6 2. e5 Nd5 3. c4 Nb6 4. d4 d6 5. exd6 cxd6 6. Nc3 Bf5 7. Bd3 Qc8 8. b3
Nc6 9. Be3 Nb4 10. Bb1 Nxc4 11. bxc4 Qxc4 12. Bxf5 Qxc3+ 13. Bd2 Qxd4 14. Nf3
Qd5 15. Bxb4 Qxf5 16. O-O Qd7 17. Rc1 e6 18. Qc2 Be7 19. Qc7 Rd8 20. Qxd7+ Rxd7
21. Rc8+ Rd8 22. Rc7 Rd7 23. Rfc1 d5 24. Rxd7 Kxd7 25. Ne5+ Ke8 26. Rc8+ Bd8
27. Rxd8+ Kxd8 28. Nxf7+ Kc7 29. Nxh8 Kc6 30. a4 b6 31. Nf7 a5 32. Ne5+ Kb7 33.
Bc3 Ka6 34. Kf1 b5 35. axb5+ Kxb5 36. Ke2 a4 37. Kd2 a3 38. Kc2 Ka4 39. Nd3 g6
40. Nc5+ Kb5 41. Nxe6 Kc4 42. Ba1 Kb4 43. Nc7 Kc4 44. Ne6 Kb4 45. Nf4 Kc4 46.
Ne2 Kc5 47. Kb3 a2 48. Kxa2 Kc4 1-0

[Event "PKL 2004 Tweede Klasse"]
[Site "PKL 2004 Tweede Klasse ronde 7"]
[Date "2004.12.12"]
[Round "7"]
[White "Leenders, Hans"]
[Black "Kleijnen, Jos"]
[Result "1/2-1/2"]
[WhiteElo "1659"]
[BlackElo "1605"]
[PlyCount "90"]
[EventDate "2004.??.??"]

1. e4 d5 2. exd5 Nf6 3. Bb5+ Bd7 4. Bxd7+ Qxd7 5. c4 g6 6. Nc3 Bg7 7. Nf3 O-O
8. O-O c5 9. d3 e6 10. dxe6 Qxe6 11. Re1 Qb6 12. Na4 Qc7 13. Rb1 Nc6 14. Nxc5
Ng4 15. g3 Nce5 16. Nxe5 Nxe5 17. Ne4 Rad8 18. Bf4 Qc6 19. Bxe5 Bxe5 20. Nc3
Bd4 21. Nd5 Kg7 22. Qf3 Rfe8 23. b3 h5 24. Kg2 h4 25. h3 hxg3 26. fxg3 Rh8 27.
Re7 Bf6 28. Qxf6+ Qxf6 29. Nxf6 Kxf6 30. Rxb7 Rxd3 31. Rf1+ Kg5 32. Rbxf7 Rd2+
33. R1f2 Rd1 34. Rxa7 Re8 35. h4+ Kh6 36. g4 Ree1 37. Raf7 Rg1+ 38. Kf3 Rd3+
39. Ke4 Rgd1 40. Rf8 Rd4+ 41. Ke5 Rd7 42. Rh8+ Kg7 43. Ra8 Re7+ 44. Kf4 Rf7+
45. Ke3 Re7+ 1/2-1/2

[Event "PKL 2004 Senioren"]
[Site "PKL 2004 Senioren ronde 5"]
[Date "2004.12.12"]
[Round "5"]
[White "van Odijk, Frank"]
[Black "Swanenberg, Ad"]
[Result "0-1"]
[WhiteElo "1605"]
[BlackElo "1791"]
[PlyCount "77"]
[EventDate "2004.??.??"]

1. c4 Nf6 2. Nc3 g6 3. Nf3 Bg7 4. g3 O-O 5. Bg2 d6 6. d4 Nbd7 7. O-O Rb8 8. e4
c6 9. Qc2 Ne8 10. Be3 b6 11. b3 Qc7 12. Rac1 e6 13. Qd2 a6 14. Ne1 e5 15. d5 c5
16. Nd3 Ndf6 17. h3 Kh8 18. a4 Ng8 19. Kh2 Qd7 20. f4 f5 21. Rf2 Rb7 22. Rcf1
Qd8 23. fxe5 dxe5 24. Bg5 Bf6 25. Bxf6+ Qxf6 26. exf5 $10 gxf5 27. g4 Nd6 28.
g5 Qg7 29. h4 Re7 30. Ne4 fxe4 31. Rxf8 exd3 32. Qxd3 e4 33. Qg3 Re5 34. Rd8
Nf5 35. Qg4 Nxh4 36. Qxh4 Rxg5 37. Bxe4 Qc7+ 38. Qf4 Qxd8 39. Qh4 0-1

[Event "PKL 2004 Senioren"]
[Site "PKL 2004 Senioren ronde 5"]
[Date "2004.12.12"]
[Round "5"]
[White "Scheeren, Wiel"]
[Black "van Pol, Tjeu"]
[Result "1-0"]
[WhiteElo "1605"]
[BlackElo "1605"]
[PlyCount "118"]
[EventDate "2004.??.??"]

1. f4 d5 2. Nf3 Bg4 3. Ne5 Bf5 4. g3 h6 5. Bg2 Nf6 6. d3 e6 7. c3 Nbd7 8. O-O
Bd6 9. Nf3 O-O 10. Nbd2 Ng4 11. Nb3 c5 12. Re1 Be7 13. e4 Bg6 14. e5 h5 15. h3
Nh6 16. d4 c4 17. Nbd2 Rb8 18. Nf1 b5 19. b4 a5 20. a3 axb4 21. axb4 Ra8 22.
Bd2 Nb6 23. Ne3 Na4 24. Qc1 Qd7 25. Nd1 Nb6 26. Ne3 Rxa1 27. Qxa1 Ra8 28. Qb2
Na4 29. Qa3 Qd8 30. Ra1 Nb6 31. Qc1 Nf5 32. Nxf5 Bxf5 33. h4 Ra4 34. Rxa4 bxa4
35. Qb2 Qa8 36. Qa2 Qc6 37. Kf2 f6 38. Bf1 fxe5 39. Nxe5 Qa8 40. Be2 g6 41. Bf3
a3 42. Bc1 Qa4 43. Bxa3 Qb3 44. Qa1 Na4 45. Bd1 Qxc3 46. Qxc3 Nxc3 47. Ke1 Nb5
48. Nc6 Bf6 49. Bc1 Bxd4 50. Ba4 Bc3+ 51. Kd1 Nd4 52. b5 Nxc6 53. bxc6 Ba5 54.
Ba3 Bc7 55. Bc5 Kf7 56. Kd2 Kf6 57. Bd4+ Kf7 58. Be5 Bxe5 59. fxe5 Bc2 1-0

[Event "PKL 2004 Senioren"]
[Site "PKL 2004 Senioren ronde 5"]
[Date "2004.12.12"]
[Round "5"]
[White "Dupont, Frank"]
[Black "Beckers, Piet"]
[Result "1-0"]
[WhiteElo "1605"]
[BlackElo "1677"]
[PlyCount "80"]
[EventDate "2004.??.??"]

1. d4 d5 2. c4 Nf6 3. Nc3 e6 4. e3 Be7 5. Nf3 O-O 6. Be2 b6 7. O-O Bb7 8. cxd5
Nxd5 9. Bd2 Nd7 10. Rc1 c5 11. dxc5 Nxc5 12. a3 Bf6 13. Rc2 Rc8 14. b4 Nd7 15.
Ne4 Ne5 16. Rxc8 Qxc8 17. Nd6 Qd7 18. Nxb7 Qxb7 19. Nxe5 Bxe5 20. Bf3 Qd7 21.
Qb3 Rd8 22. Rd1 Qe7 23. e4 Nf4 24. Bxf4 Bxf4 25. g3 Be5 26. Rd3 Bd4 27. Qd1 Qd6
28. Kg2 e5 29. Qa4 Qc7 30. Qd1 g6 31. Qd2 Kg7 32. Bd1 Qc6 33. f3 Qd7 34. Bb3 f5
35. Bd5 fxe4 36. fxe4 Rf8 37. Rf3 Rxf3 38. Kxf3 Qe7 39. Qe2 Qf6+ 40. Kg2 Qg5
1-0

[Event "PKL 2004 Veteranen"]
[Site "PKL 2004 Veteranen ronde 5"]
[Date "2004.12.12"]
[Round "5"]
[White "de Wit, Gerrit"]
[Black "Stupp, Josef"]
[Result "1-0"]
[WhiteElo "1801"]
[BlackElo "1645"]
[PlyCount "96"]
[EventDate "2004.??.??"]

1. e4 d5 2. exd5 Qxd5 3. Nc3 Qa5 4. d4 c6 5. Nf3 Nf6 6. Bc4 Bf5 7. Bd2 e6 8.
Qe2 Bd6 9. Bb3 Nbd7 10. Ne4 Qc7 11. Nxd6+ Qxd6 12. c4 O-O-O 13. c5 Qc7 14. Nh4
Ne4 15. Nxf5 exf5 16. O-O-O Nxd2 17. Rxd2 Nf6 18. f3 Qf4 19. g3 Qc7 20. Qc4 Nd5
21. Re1 f4 22. g4 Rhf8 23. Bc2 Ne3 24. Qa4 Kb8 25. Be4 g6 26. g5 f5 27. gxf6
Rxf6 28. Rd3 Qg7 29. Ra3 a6 30. Rb3 Ka8 31. Bd3 Ka7 32. Qa5 Nd5 33. Qxd8 Rf8
34. Qd6 Rf6 35. Qe5 Qh6 36. Be4 Rf5 37. Bxf5 gxf5 38. Qxf5 Qh4 39. Qe6 a5 40.
Ra3 Ka6 41. Qe2+ b5 42. cxb6+ Kxb6 43. Qd2 Nb4 44. Rb3 Kc7 45. Rxb4 axb4 46.
Qxb4 Kd7 47. Qd2 Qf6 48. Re4 Qf7 1-0

[Event "PKL 2004 Veteranen"]
[Site "PKL 2004 Veteranen ronde 5"]
[Date "2004.12.12"]
[Round "5"]
[White "Simonis, Peter"]
[Black "Tammen, Fred"]
[Result "1-0"]
[WhiteElo "1768"]
[BlackElo "1648"]
[PlyCount "79"]
[EventDate "2004.??.??"]

1. e4 g6 2. d4 Bg7 3. Nc3 d5 4. exd5 Nf6 5. Bc4 Nbd7 6. Be3 Nb6 7. Qe2 Nbxd5 8.
Nxd5 Nxd5 9. Qf3 e6 10. Ne2 c6 11. O-O O-O 12. Rad1 Bd7 13. Bb3 b5 14. Nf4 b4
15. Nd3 a5 16. Nc5 Qe7 17. Rc1 Rfd8 18. c4 bxc3 19. bxc3 Be8 20. Rfe1 Bf8 21.
Nd3 Bg7 22. Bxd5 cxd5 23. Nc5 Rdb8 24. Rb1 Bc6 25. Bf4 Rc8 26. Qg3 Bf8 27. h4
h5 28. Bg5 Qc7 29. Qd3 Be7 30. Nxe6 fxe6 31. Qxg6+ Kh8 32. Qxh5+ Kg8 33. Qg6+
Kh8 34. Bxe7 Qxe7 35. Rxe6 Qh7 36. Qf6+ Kg8 37. Qg5+ Kf8 38. Rf6+ Ke8 39. Re1+
Kd7 40. Qe5 1-0